德國丈夫
| 資料類型: | 圖書 | 書目號: | 52914 |
Leader xxxxxxxxxx 001 __ 102577/9/01 005 __ 20190417142302.614 010 0_ |a9789863872740|b平裝|d新臺幣300元 042 __ |anbic 100 __ |a20190417d2019 km y0chiy50 b 101 0_ |achi 102 __ |atw 105 __ |ay z 000ay 200 1_ |a德國丈夫|f陳玉慧著 205 __ |a初版 210 __ |a新北市|cINK印刻文學|d2019[民108] 215 0_ |a234面|d21公分 225 12 |a印刻文學|v589 700 _1 |a陳|b玉慧|4著 681 __ |a857.7|b8733 801 _0 |atw|bLibDipper|c20190417|gCCR |